[Event "Petrov Memorial op"]
[Site "St Petersburg"]
[Date "1996.??.??"]
[Round "1"]
[White "Neverov, Valeriy"]
[Black "Shchukin, Dmitry"]
[Result "1-0"]
[WhiteElo "2515"]
[BlackElo "2320"]
[Annotator "Ribli,Z"]
[PlyCount "103"]
[EventDate "1996.02.??"]
[EventType "swiss"]
[EventRounds "9"]
[EventCountry "RUS"]
[SourceTitle "CBM 052"]
[Source "ChessBase"]
[SourceDate "1996.06.01"]
[SourceVersion "1"]
[SourceVersionDate "1996.06.01"]
[SourceQuality "1"]

1. d4 Nf6 2. c4 d6 3. Nf3 c6 4. Nc3 Nbd7 5. e4 e5 6. Be2 Be7 7. O-O a6 8. a3
O-O 9. Re1 Re8 10. Bf1 b5 11. h3 Bb7 12. Bg5 $5 $146 {Das ist offenbar eine
Neuerung, aber der Läuferzug ist in derartigen Stellungen typisch.} (12. Be3
exd4 13. Nxd4 Bf8 14. Nf5 Ne5 15. cxb5 cxb5 $5 {>< e4} 16. Bg5 h6 17. Bf4 Ng6
18. Bxd6 Nxe4 19. Nxe4 Rxe4 20. Bxf8 Kxf8 21. Qb3 Qd5 $10 {Lautier,J-Tal,M/
Cannes/1989/CBM11/}) 12... h6 13. Bh4 Nh7 (13... Nxe4 $2 14. Nxe4 (14. Rxe4 $5
g5 15. Bg3 f5 16. Re1 e4 17. Nd2 $18) 14... Bxh4 15. Nxd6 $18) (13... Qb8 $5)
14. Bg3 Ng5 15. cxb5 cxb5 (15... Nxf3+ 16. Qxf3 exd4 17. bxc6 Bxc6 18. Nd5 Bxd5
(18... Ne5 19. Nxe7+ Rxe7 20. Qd1 Qb6 21. Qd2 $14 {>< d4}) 19. exd5 Qb6 20. b4
$14) 16. dxe5 Nxf3+ 17. Qxf3 Nxe5 (17... dxe5 18. Red1 $14 {<-> d und c >< e5})
18. Qe3 Bf6 19. Rad1 {>< d6} Qc7 20. b3 (20. Nd5 Bxd5 21. Rxd5 Nc4 22. Bxc4
Qxc4 23. b3 Qxd5 24. exd5 Rxe3 25. Rxe3 Rd8 26. Re2 {/\ Rc2,Rc6 >< a6,d6})
20... Qc5 (20... Ng4 $5 21. hxg4 Qxc3 22. Bxd6 (22. Rd3 Qb2 $13) 22... Rxe4 23.
Qxc3 Bxc3 24. Rxe4 Bxe4 $10) 21. Nd5 Bxd5 22. Qxc5 $1 dxc5 23. Rxd5 Ng6 (23...
c4 24. Bxe5 Rxe5 25. bxc4 bxc4 26. Bxc4 $16) 24. Rxc5 Be7 25. Rc6 Bxa3 26. Ra1
$1 {Weiß besitzt ein aktives Läuferpaar, und die schwarzen Bauern am
Damenfluegel sind leicht verletztbar. Ich meine, daß der Anziehende die
besseren Möglichkeiten besitzt.} b4 (26... Bf8 27. Rcxa6 Rxa6 28. Rxa6 Rxe4 29.
Bxb5 $16) 27. f3 a5 28. Bc4 $1 {/\ Rxg6} Ne5 29. Bxe5 Rxe5 30. Rc7 $1 {>< f7}
Rf8 31. Rd1 $1 {Schwarz kann den Materialverlust nicht mehr vermeiden.} Ree8
32. Rdd7 Rc8 (32... Ra8 33. Bxf7+ Kh8 34. Bd5 $18 {/\ Rxg7}) 33. Rxf7 Rxc7 34.
Rxc7+ Kh8 35. Ra7 $1 Bb2 36. Rxa5 {Der Rest der Partie bedarf keines
Kommentars.} Rd8 37. Bd5 Rc8 38. f4 g6 39. e5 Rc7 40. Kf2 Kg7 41. Kf3 Rc3+ 42.
Ke4 Rc7 43. Rb5 Bc3 44. g4 Re7 45. Rb7 $1 Rxb7 46. Bxb7 Be1 47. f5 Bh4 48. Kd5
Kf7 49. Kd6 Bg3 50. Bd5+ Kg7 51. f6+ Kf8 52. Ke6 1-0

[Event "NED-ch49"]
[Site "Amsterdam"]
[Date "1994.06.16"]
[Round "10"]
[White "Cifuentes Parada, Roberto"]
[Black "Bosch, Jeroen"]
[Result "1-0"]
[WhiteElo "2500"]
[BlackElo "2370"]
[Annotator "Ribli,Z"]
[PlyCount "179"]
[EventDate "1994.06.04"]
[EventType "tourn"]
[EventRounds "11"]
[EventCountry "NED"]
[EventCategory "11"]
[SourceTitle "CBM 042"]
[Source "ChessBase"]
[SourceDate "1994.10.01"]
[SourceVersion "1"]
[SourceVersionDate "1994.10.01"]
[SourceQuality "1"]

1. c4 c6 2. e4 e5 3. Nf3 d6 4. d4 Nd7 5. Nc3 Ngf6 6. Be2 Be7 7. O-O O-O 8. Qc2
Qc7 9. Rd1 a6 10. Be3 (10. Bg5 $5 Re8 11. Rac1 b6 12. Bh4 Bb7 13. c5 $1 $14 {
Yusupov,A-Christiansen,L/GER-CupT/1993/EXP35/}) 10... Re8 (10... Ng4 $6 11. Bd2
d5 $2 12. cxd5 exd4 13. dxc6 dxc3 14. cxd7 Bxd7 15. Bxc3 $18 {Sosonko,G-Larsen,
B/Tilburg/1982/}) 11. Rac1 Ng4 12. Bd2 exd4 13. Nxd4 Nc5 (13... Nge5 $5) 14. h3
Bf6 (14... Nf6 15. b4 Ne6 16. Nf5 $14) 15. Nb3 $1 (15. Nxc6 $2 Nxf2 16. Nd5
Qxc6 17. Nxf6+ gxf6 18. Kxf2 Nxe4+ $17) 15... Nxb3 16. axb3 Ne5 17. Be3 Ng6 18.
Qd2 Bxc3 (18... Rd8 19. f4 $14 (19. Na4 $5 $14)) 19. Rxc3 Rxe4 20. Qxd6 Qxd6
21. Rxd6 $14 Re8 22. f4 f5 (22... Bf5 23. g4 Be4 24. f5 $14) 23. Kf2 Be6 24.
Rcd3 Nf8 25. Bc5 Kf7 26. Bh5+ g6 27. Bf3 Re7 28. R6d4 Rd7 29. Bd6 h5 30. Ke3
Nh7 31. Be5 Nf8 32. b4 Rxd4 33. Rxd4 Nd7 34. b3 Re8 35. Rd6 Rc8 36. Rd1 Ke7 37.
Bd6+ Kf7 38. Ra1 Re8 39. Kd4 Rd8 40. Bc7 Rc8 41. Bd6 Rd8 42. Bc7 Rc8 43. Be5
Rd8 44. Ke3 Nf8 (44... Nxe5 $5 45. fxe5 h4 $13) 45. Ra5 Rd7 46. Bd4 Nh7 47. h4
Nf8 48. Ra1 Nh7 49. Rd1 Nf8 50. Kd3 $1 Rd8 51. Kc3 Rd7 52. Ra1 Rc7 53. Be5 Rd7
54. Ra5 Rd8 55. b5 axb5 56. cxb5 Bd5 57. bxc6 Bxc6 58. Bxc6 Rc8 59. Rb5 (59.
Ra7 Rxc6+ 60. Kb2 Rb6 61. Bd4 Rb5 62. Kc3 Ne6 $10) 59... Rxc6+ (59... bxc6 $2
60. Rb7+ Ke6 61. Rg7 $16) 60. Kd4 Ne6+ 61. Kd5 Nd8 (61... Nc7+ 62. Bxc7 Rxc7
63. b4 $16) 62. Rc5 Ke7 63. b4 Kd7 64. b5 Rxc5+ 65. Kxc5 Ne6+ 66. Kd5 Nd8 (
66... Nc7+ 67. Bxc7 Kxc7 68. Kc5 Kc8 (68... Kd8 69. Kb6 Kc8 70. Ka7 Kc7 71. g3
Kc8 72. b6 $18) 69. Kd6 Kd8 70. b6 Kc8 71. Ke7 Kb8 72. Kd8 Ka8 73. Kc8 g5 74.
fxg5 f4 75. Kd7 $18) 67. Bd6 Ne6 (67... Nf7 68. Bc5 Nd8 69. Ke5 $18) 68. Ke5
Nd4 (68... Nxf4 69. Kxf4 Kxd6 70. Kg5 Kc5 71. Kxg6 Kxb5 72. Kxh5 Kc4 73. Kg5 b5
74. h5 b4 75. h6 b3 76. h7 b2 77. h8=Q b1=Q 78. Qc8+ Kd4 79. Qxf5 $16) 69. Bc5
Nxb5 70. Kf6 Nc3 71. Kxg6 Ke6 72. Kxh5 b5 73. Kg6 Ne2 74. g3 Nxg3 75. h5 Ne2
76. Kg5 Kf7 (76... Nc3 77. h6 Ne4+ 78. Kg6 Nxc5 79. h7 $18) 77. Kxf5 Ng3+ 78.
Kg4 Ne4 79. Ba3 Nf2+ 80. Kf5 Nd3 81. Ke4 Nf2+ (81... b4 82. Kxd3 bxa3 83. Kc3
Kg7 84. f5 $18) 82. Kf3 Nd3 83. Ke4 Ne1 84. Bb2 Ng2 85. Kf3 Ne1+ 86. Ke4 b4 87.
f5 b3 88. h6 Kg8 89. f6 Ng2 90. f7+ 1-0

[Event "YUG-ch 55th"]
[Site "Subotica"]
[Date "2000.03.21"]
[Round "5"]
[White "Ilincic, Zlatko"]
[Black "Tosic, Miroslav"]
[Result "1-0"]
[WhiteElo "2554"]
[BlackElo "2503"]
[Annotator "Ribli,Z"]
[PlyCount "135"]
[EventDate "2000.03.16"]
[EventType "tourn"]
[EventRounds "15"]
[EventCountry "YUG"]
[EventCategory "10"]
[SourceTitle "CBM 076"]
[Source "ChessBase"]
[SourceDate "2000.05.31"]
[SourceVersion "1"]
[SourceVersionDate "2000.05.31"]
[SourceQuality "1"]

1. d4 Nf6 2. c4 d6 3. Nc3 c6 4. e4 Nbd7 5. Nf3 e5 6. Be2 Be7 7. O-O O-O {
Das ist eine Grundstellung der Altindischen Verteidung. (Mit g6-Bg7 Stellung -
ohne c6 - wäre es eine relativ selten gespielte Variante der Königsindischen
Verteidigung.) Schwarz hat eine etwas passive, aber solide Stellung. Der Bc8
hat Entwicklungsprobleme, und Weiß besitzt Raumvorteil.} 8. Be3 {Das ist eine
aussichtsreiche Fortsetzung für Weiß. Er schließt die Entwicklung ab und will
anschließend das Zentrum mit d4-d5 festlegen. Die Alternative für Weiß ist 8.
Qc2 und 9.Rd1, oder 8.Re1 nebst 9.Bf1.} Re8 (8... a6 9. d5 cxd5 10. cxd5 b5 11.
Nd2 $14) 9. d5 (9. Qc2) 9... c5 {Wir haben eine völlig geschlossene
Zentrumsstellung auf dem Brett, aber Weiß besitzt Raumvorteil. Es gibt hier
gewöhnlich zwei Spielpläne: a) a3, b4 mit Spiel am Damenflügel oder b) f4 mit
Spiel am Königsflügel. Der erste Plan ist praktisch immer spielbar.} (9... a5)
10. Ne1 {Der Springer zielt nach d3.} (10. Nd2) 10... Nf8 (10... Bf8 11. Rb1 h6
12. a3 g6 13. b4 b6 14. Nd3 Nh7 15. Qd2 h5 16. Kh1 h4 17. h3 Bg7 18. f4 exf4
19. Bxf4 Ne5 20. Nxe5 Bxe5 21. Bxe5 Rxe5 22. Qh6 Qe7 23. Rf4 g5 24. Rf2 cxb4
25. axb4 Bd7 26. Rbf1 {1-0 Lukacs,P-Zhang Pengxiang/Budapest 1999/CBM 73 ext 
(53)}) (10... Rf8 11. Nd3 Ne8 12. Qd2 g6 13. b4 b6 14. a4 f5 15. Bh6 Ng7 16. a5
Rb8 17. exf5 gxf5 18. Nb5 Rb7 19. a6 Rc7 20. bxc5 bxc5 21. f4 e4 22. Nf2 Bf6
23. Ra3 {1-0 Van Wely,L-Saltaev,M/Manila 1992/TD (44)}) 11. Nd3 {[%csl Gd3]
Der Springer steht ausgezeichnet auf d3, denn Weiß kann jetzt entweder b2-b4
oder f2-f4 ziehen.} (11. g3 $6 Bh3 12. Ng2 Qd7 13. f3 $1 h5 14. Qd2 Ng6 15. Nd1
h4 {1/2-1/2 Atalik,S-Tosic,M/Vrnjacka Banja 1998/CBM 68/[Atalik] (24)}) 11...
Ng6 12. a3 (12. h3 a6 13. a4 a5 14. Qd2 b6 15. Rae1 Bd7 16. b3 Qc7 17. Kh2 Rf8
18. f3 Rae8 19. Bd1 h6 20. Bc2 Nh7 21. g3 Qc8 22. Qg2 Ng5 23. Nf2 Nh7 24. f4 {
1-0 Cvitan,O-Kummer,H/Oberwart 1999/EXT 2000 (41)}) 12... Bd7 (12... a5 $6 13.
b4 axb4 14. axb4 Rxa1 15. Qxa1 b6 16. Rb1 $36) 13. b4 b6 14. Rb1 $14 {Der Turm
gehört nach b1. Nach bxc5-bxc5 steht der Rb1 auf der offenen Linie, und wenn
Schwarz mit dem d-Bauern zurück schlägt, spielt Weiß a4 mit der Idee a5, und
der Rb1 steht ebenfalls gut.} Rf8 {Schwarz möchte Ne8 spielen und räumt das
Feld e8 für den Springer.} 15. bxc5 bxc5 (15... dxc5 16. a4 $14) {[#]} 16. Nxc5
$1 {Mit diesem - typischen - vorübergehenden Figurenopfer verschafft sich Weiß
das Läuferpaar.} (16. Qd2 $14 {Der klassische Plan wäre Rb3 nebst Rfb1 mit
weißem Druck am Damenflügel.}) 16... dxc5 17. d6 Qa5 (17... Bxd6 18. Qxd6 Rc8
19. Rfd1 $16 (19. Bxc5 $4 Rc6 $19)) 18. dxe7 Nxe7 19. Qd6 $5 (19. Qd3 $14 Qxa3
$2 20. Nd5 Qxd3 21. Nxe7+ $18) 19... Qxc3 (19... Nf5 20. exf5 Qxc3 21. Rfc1 Qa5
(21... Qxa3 22. Bxc5 Qa2 23. Bf3 e4 24. Ba3 exf3 25. Rb2 Ne4 26. Qxf8+ Rxf8 27.
Rxa2 $18) 22. Qxc5 Qxc5 23. Bxc5 $16) (19... Nc8 20. Qd3 $14 (20. Qxc5 Qxc3 21.
Rfc1 Nxe4 22. Rxc3 Nxc5 23. Bxc5 Re8 24. Rb7 $16)) 20. Qxe7 Qc2 (20... Rac8)
21. Rfe1 {Weiß verteidigt den Be2. Der Pe4 ist für Schwarz Tabu, 21...Nxe4
geht nicht weil Bd7 hängt, und nach 22...Qxe4 kommt 23.Bf3.} Rfe8 22. Qd6 (22.
Qxc5 $6 Nxe4 23. Qb4 Nc3 24. Rb2 Nxe2+ 25. Rxe2 Qg6 $11) 22... Rad8 {[%cal
Gd8d6] Schwarz verteidigt den Bd7B. Jetzt muss Weiß mit 23...Nxe4 oder mit
einem Abzug des Läufers rechnen.} (22... Rac8 23. f3 $14) 23. f3 (23. Bd3 Qa4
24. Qxc5 Bc6 $132) 23... Bg4 (23... Nxe4 24. fxe4 Bg4 25. Qxd8 Rxd8 26. Bxg4
$14 {Weiß hat R+B+B für die Dame, aber die weißen Bauern sind ein wenig
schwach.}) 24. Qc6 (24. Qxc5 $5 Nxe4 25. Qb4 (25. fxe4 Bxe2 26. Rbc1 Qd3 $15)
25... Nc3 26. Rb2 Nxe2+ 27. Rxe2 Rd1+ (27... Qd1+ $4 28. Re1 $18) 28. Kf2 Qf5
$13) 24... Rc8 25. Qb7 (25. Qb5 $5 $16 Nxe4 $2 26. fxe4 Bxe2 27. Rb2 Qxc4 28.
Rexe2 Qxe4 29. Bxc5 $16) 25... Be6 26. Qb3 $1 {Nach diesem Zug muss Schwarz
die Damen tauschen. Dadurch erhält Weiß im Endspiel nachhaltige Initiative.}
Qxb3 27. Rxb3 Rc7 28. Reb1 {[%cal Gb1b8][%mdl 4] Weiß kontrolliert die b-Linie
und steht dank des Läuferpaares besser. Schwarz besitzt keine aktiven
Möglichkeiten.} Nd7 {[%cal Gd7b6]} 29. Rb7 Rec8 (29... Rxb7 $2 30. Rxb7 Ra8 31.
Rc7 $16) 30. a4 Nb6 (30... f6 31. a5 $16) 31. Rxc7 Rxc7 32. a5 Nd7 {Bis jetzt
ist alles in der schwarzen Stellung verteidigt .} 33. Kf2 Kf8 34. Ke1 {Der
König möchte den Pc4 verteidigen, dadurch kann er den Be2 von seiner
Deckungsfunktion entbinden.} Ke7 35. Kd2 Kd8 36. Kc3 {[%csl Gc3]} Rc6 $6 (36...
Kc8 $5 {[%cal Gc7b7,Gb7b1] Schwarz bereitet den Turmtausch vor und hat gute
Remischancen.}) 37. Bd1 {[%cal Gd1a4,Ga4e8]} Ra6 38. Rb5 Kc8 39. Ba4 (39. Bxc5
{Weiß hat einen Mehrbauern, aber Schwarz bekommt Aktivität auf der c-Linie.}
Rc6 40. Bxa7 Bxc4 41. Rb2 Be2+ 42. Kd2 Bxd1 43. Kxd1 Ra6 44. Bb6 Nxb6 45. axb6
Kb7 $11) 39... Kc7 40. g3 {Weiß beschäftigt sich nicht mit dem Gewinn des Pc5,
sondern verstärkt seine Stellung.} (40. Bxc5 $6 Rc6 41. Bxa7 Rxc4+ {[%cal
Rc4a4,Rc4c3]} 42. Kb3 Rxe4+ $132) 40... f6 41. f4 h6 $6 {Im Endspiel ist
dieser Zug schwach. Meiner Meinung nach wäre es besser, den h-Bauern auf h7
stehen zu lassen.} (41... exf4 42. gxf4 $14 {[%csl Ge4,Gf4]}) (41... Kd6) 42.
Bd1 $1 {[%cal Gd1h5,Gh5e8][%mdl 32] Dank 41...h6?! hat Weiß gute
Eindringungsmöglichkeiten für seinen weißfeldrigen Läufer.} Kd6 43. Bh5 Rc6 44.
f5 {Nach diesem Zug muss sich der schwarze Läufer in eine passive Stellung
zurückziehen.} Bg8 45. Be8 $16 {[%csl Rc5,Ge3,Ge8] Es gibt viele Fesselungen
in dieser Stellung. Der Pc5 ist schwach, und Weiß gewinnt mehr und mehr Raum.}
a6 46. Rb7 Rc7 47. Rxc7 Kxc7 48. g4 $1 {Weiß spielt das Endspiel sehr präzise.
Es ist ganz richtig, er muss sich nicht beeilen - Schwarz kann eigentlich nur
warten.} Bh7 49. h3 {Die weißfeldrige Bauernkette schränkt den
Bewegungfreisraum des Bh7 ein.} Kd8 50. Bxd7 Kxd7 51. Bxc5 {[%cal Rc5f8,Rf8h6]
Bei ungleichfarbigen Läufern ist die Remiswahrscheinlichkeit gewöhnlich hoch,
in unserer konkreten Stellung aber steht der Bh7 sehr passiv.} g6 (51... Ke8
52. Bd6 g6 53. c5 $16) 52. Bf8 h5 53. Bg7 hxg4 (53... Ke7 54. c5 $16 {[%csl
Gc5]}) 54. hxg4 gxf5 55. gxf5 Ke7 56. c5 {[%csl Gc5] Der c-Freibauer ist sehr
gefährlich für Schwarz. Der schwarze König kann den Bauern wegen der Schwäche
f6 nicht halten, und der Bh7 braucht zu viel Zeit für das Manöver Bg8-f7-e8-c6.
} Bg8 57. c6 Ba2 58. Bxf6+ $1 Kd6 (58... Kxf6 59. c7 $18) 59. Bxe5+ $18 Kxc6 (
59... Kxe5 60. c7 $18) 60. Kd4 Bb1 61. Bg3 Kd7 62. Ke5 (62. Ke3 $18) 62... Ke7
63. Kf4 $1 {Weiß hat einen klaren Gewinnplan - er zieht e4-e5, und nach
Möglichkeit e5-e6. Wenn Schwarz den Zug e5-e6 durch Positionieren des Läufers
auf der Diagonalen a2-g8 verhindert, dann hängt der Pf5 nicht und Schwarz kann
mit dem König nach d6 kommen. Die Anwesenheit der Bauern auf a5-a6 hilft Weiß
zwar, aber auch ohne diese Bauern wäre das Läuferendspiel theoretisch für Weiß
gewonnen.} Bc2 64. e5 Bb3 65. Bh4+ Kf7 (65... Kd7 66. Kg5 $18 {Droht 67.Kf6
und e6 mit Gewinn.}) 66. Ke3 {[%cal Ge3d4,Gd4c5,Gc5d6]} Ba2 67. Kd4 Bb3 68. Kc5
{Schwarz gab in verlorener Stellung auf - es droht 69.Kd6 und 70.e6.} 1-0

[Event "Rishon Le Ziyyon"]
[Site "Rishon Le Ziyyon"]
[Date "1994.??.??"]
[Round "1"]
[White "Beim, Valery"]
[Black "Gofshtein, Leonid D"]
[Result "1-0"]
[WhiteElo "2545"]
[BlackElo "2495"]
[Annotator "Ribli,Z"]
[PlyCount "67"]
[EventDate "1994.11.??"]
[EventType "tourn"]
[EventRounds "11"]
[EventCountry "ISR"]
[EventCategory "11"]
[SourceTitle "CBM 045"]
[Source "ChessBase"]
[SourceDate "1995.04.01"]
[SourceVersion "1"]
[SourceVersionDate "1995.04.01"]
[SourceQuality "1"]

1. c4 c6 2. e4 e5 3. Nf3 d6 4. d4 Nd7 5. Nc3 Ngf6 6. Be2 Be7 7. O-O O-O 8. Qc2
(8. Be3 $5) 8... a6 9. Rd1 Qc7 10. Bg5 (10. Be3 Re8 11. Rac1 Ng4 12. Bd2 exd4
13. Nxd4 Nc5 14. h3 Bf6 15. Nb3 Nxb3 16. axb3 Ne5 17. Be3 Ng6 18. Qd2 $14 {
Cifuentes Parada,R-Bosch,J/NLD-ch/1994/CBM42/}) 10... h6 (10... Re8 11. Rac1 b6
12. Bh4 Bb7 13. c5 $1 $36 {Yusupov,A-Chirstiansen,L/GER-CupT/1993/EXP35/}) 11.
Bh4 b5 12. cxb5 cxb5 13. Rac1 Qb8 (13... Bb7 14. Nd5 $1 Nxd5 15. Qxc7 Nxc7 16.
Rxc7 Bxh4 17. Rxb7 $18) 14. a4 bxa4 (14... b4 15. dxe5 dxe5 16. Nd5 Nxd5 17.
exd5 Bxh4 18. Nxh4 $36) 15. Nxa4 Re8 (15... Bb7 16. d5 Rc8 17. Qb1 $14) 16. Bc4
{>< f7} Nf8 17. Rd3 $1 Ng6 (17... Nxe4 18. Bxe7 Rxe7 19. Rb3 Bb7 (19... Rb7 20.
Qxe4 Rxb3 21. Bxb3 $18) 20. Nb6 Ra7 21. Nd5 $18) 18. Bxf6 Bxf6 19. Bd5 Bb7 20.
Rb3 Ra7 (20... Rc8 21. Rxb7 (21. Qxc8+ $6 Qxc8 22. Rxc8+ Rxc8 $13) 21... Rxc2
22. Rxc2 $18) 21. dxe5 Bxe5 22. g3 (22. Qc7 $2 Qxc7 23. Rxc7 Bxd5 $19) 22...
Re7 23. Nb6 Qf8 24. Qd3 Bxd5 25. Nxd5 Red7 (25... Reb7 26. Rxb7 Rxb7 27. Qxa6
Qb8 28. b4 $18) 26. Rb6 Ne7 27. b3 (27. Nxe5 dxe5 28. Rxa6 Rxa6 29. Nxe7+ Qxe7
30. Qxa6 Rb7 $14) 27... Rdb7 28. Rxb7 Rxb7 29. Nxe5 dxe5 30. Qxa6 Rb8 (30...
Rxb3 31. Rc7 Nxd5 32. Rc8 $16 (32. exd5 Rb8 33. d6 Rd8 34. d7 Qe7 35. Qc6 Kh7
$14)) 31. Nxe7+ Qxe7 32. Rc8+ Rxc8 33. Qxc8+ Kh7 34. Qc4 {Ribli} 1-0

[Event "CRO-ch"]
[Site "Slavonski Brod"]
[Date "1995.??.??"]
[Round "?"]
[White "Hulak, Krunoslav"]
[Black "Kovacevic, Vlatko"]
[Result "1-0"]
[WhiteElo "2545"]
[BlackElo "2520"]
[Annotator "Ribli,Z"]
[PlyCount "49"]
[EventDate "1995.02.??"]
[EventType "tourn"]
[EventRounds "13"]
[EventCountry "CRO"]
[EventCategory "10"]
[SourceTitle "CBM 048"]
[Source "ChessBase"]
[SourceDate "1995.10.01"]
[SourceVersion "1"]
[SourceVersionDate "1995.10.01"]
[SourceQuality "1"]

1. d4 Nf6 2. c4 d6 3. Nc3 e5 4. Nf3 Nbd7 5. g3 c6 6. e4 Qa5 {Eine Neuerung.} (
6... a6 $5 7. Bg2 b5 8. cxb5 axb5 9. O-O Be7 10. Re1 O-O 11. d5 Bb7 $13 {
Weihmeier,S-Hickl,J/Lippstadt/1994/CBM43/}) (6... h6 $6 7. Bg2 Nh7 8. d5 c5 9.
O-O g5 10. Ne1 Qf6 11. Nb5 Kd8 12. Nd3 a6 13. Nc3 Qg6 14. Rb1 h5 15. b4 $16 {
Arnett,D-Berkovich,D/New York MCC/1994/CBM43/}) (6... Be7 $5 {Fuehrt zur
Hauptvariante.}) 7. Qd2 exd4 8. Nxd4 Nb6 $6 {Nach diesem Zug steht die
schwarze Q sehr unbequem.} 9. Be2 Bh3 {Schwarz verhindert die kurze Rochade,
aber das stoert den Anziehenden nicht besonders.} 10. Rg1 {Droht g4 und Rg3.}
h5 11. f3 g6 12. Nb3 $1 Qe5 (12... Qb4 $2 13. Qc2 $1 Nxc4 14. a3 $18) 13. Qc2
Bh6 14. Bxh6 Rxh6 15. O-O-O {Droht /\ Qd2 mit Bauerngewinn.} O-O-O (15... Nc8
16. f4 Qe7 17. c5 dxc5 18. e5 $16) 16. c5 $1 {Eine unangenehme Ueberraschung.}
Na8 (16... dxc5 $4 17. Rxd8+ Kxd8 18. Qd2+ $18) 17. Qd2 Rhh8 18. cxd6 Ne8 19.
Qe3 $1 Nxd6 (19... Kb8 20. f4 $18 {Dann 21.e5 und Schwarz ist hilflos.}) 20.
Qxa7 Kc7 21. f4 $1 Qe7 22. e5 Nb6 23. Nc5 $1 {Der einfachste Weg.} Nbc8 24.
Na6+ Kd7 25. Qxb7+ {Hulak hat mit kraftvollem Spiel das schwarze Spielkonzept
wiederlegt.} 1-0

[Event "YUG-ch"]
[Site "Novi Sad"]
[Date "1995.??.??"]
[Round "?"]
[White "Gligoric, Svetozar"]
[Black "Tosic, Miroslav"]
[Result "1-0"]
[WhiteElo "2455"]
[BlackElo "2435"]
[Annotator "Ribli,Z"]
[PlyCount "121"]
[EventDate "1995.02.??"]
[EventType "tourn"]
[EventRounds "17"]
[EventCountry "YUG"]
[EventCategory "10"]
[SourceTitle "CBM 048"]
[Source "ChessBase"]
[SourceDate "1995.10.01"]
[SourceVersion "1"]
[SourceVersionDate "1995.10.01"]
[SourceQuality "1"]

1. d4 {Belov} Nf6 2. c4 d6 3. Nc3 Nbd7 4. e4 c6 5. Nf3 e5 6. Be2 Be7 7. O-O a6
8. Rb1 {Gligoric/} (8. Nh4 $5 {Belov} exd4 9. Qxd4 Nc5 10. Nf5 Bxf5 11. exf5 a5
12. g4 $1 O-O 13. g5 Nfd7 14. h4 f6 15. f4 Qc7 16. Kh1 Rad8 17. Bd2 $16 {
Savchenko,S-Suetin,A/Groningen op/1993/1:0/42/}) 8... Qc7 (8... O-O {Belov} 9.
b4 Re8 10. Qc2 Bf8 11. a3 Qc7 12. Bb2 b5 13. Rfe1 exd4 14. Nxd4 Ne5 15. cxb5
cxb5 16. Rbc1 Bb7 $14 {Tosic,M-Vratonjic,S/YUG-ch/1991/1:0/72/}) 9. b4 O-O 10.
Bb2 {Offenbar eine Neuerung.} (10. Re1 Re8 (10... exd4 $5 11. Nxd4 Re8 12. Bf4
Ne5 13. Qc2 b5 14. cxb5 cxb5 15. Rbc1 $14 {Salov,V-Serper,G/Irkutsk/1986/1:0/
65/}) 11. Bf1 Nf8 (11... exd4 $5 {Oll,L-Malaniuk,V/USSR/1985/INF39,100/}) (
11... exd4 12. Nxd4 h6 13. Bf4 Ne5 14. Rc1 Bf8 15. h3 Bd7 $14 {Oll,L-Malaniuk,
V/URS/1985/0:1/27/}) 12. h3 Bd7 13. Be3 $14 {Xu,Jun-Greenfeld,A/Thessaloniki
ol/1988/INF46,93/} (13. Be3 {Belov} Ng6 14. dxe5 Nxe5 15. Nxe5 dxe5 16. Na4 Be6
17. Bb6 $14 {Xu,J-Greenfeld,A/Thessaloniki olm/1988/1:0/76/})) (10. Qc2 $5 {
Belov} Re8 11. h3 exd4 12. Nxd4 Bf8 13. Bf4 b5 $6 14. Nf3 $1 bxc4 15. Bxc4 Ne5
16. Nxe5 dxe5 17. Be3 $16 {Gligoric,S-Vaganian,R/Sochi/1986/1:0/30/}) 10... Re8
(10... exd4 {Belov} 11. Nxd4 Re8 12. Nf5 Bf8 13. Qc2 Ne5 $14) 11. Qc2 b5 12. a3
Bb7 13. dxe5 $5 {Wenn der schwarze Laeufer schon auf b7 steht, dann hat Weiss
eine guenstige Moeglichkeit auf e5 tauschen, und kostet Zeit fuer den
Nachziehenden seinen weissfeldrigen Laeufer wieder ins Spiel zu bringen.} dxe5
(13... Nxe5 14. Nxe5 dxe5 15. c5 Bc8 16. Nd1 Be6 17. Ne3 $14) 14. c5 $1 Nf8 (
14... Bf8 {Belov} 15. Rbd1 Rad8 16. Nh4 g6 $14) 15. Nd1 Ng6 16. Ne3 Bf8 17.
Rfe1 $5 {Jetzt gibt Nf4 wegen Bf1 keine echte Drohung mehr.} (17. Nf5 $5 {Belov
} Nf4 18. Rfd1 Nxe2+ 19. Qxe2 $16) 17... a5 18. Nf5 Red8 19. Rbd1 Ne8 20. Qb3 {
Droht /\ Ng5} a4 (20... axb4 $5 {Belov} 21. axb4 Rxd1 22. Rxd1 Bc8 $14) 21. Qe3
{Der Damenfluegel ist eingefroren, und jetzt beginnt das Spiel am Konigsflue-
gel.} f6 22. g3 $5 {Weiss verhindert das Nf4,Ne6 Manoever.} Nh8 23. h4 Nf7 {
/\ g6} (23... g6 {Belov} 24. Nh6+ Bxh6 25. Qxh6 Nf7 26. Qe3 Bc8 27. Nh2 Be6 28.
f4 $16) 24. h5 $1 Bc8 (24... g6 25. hxg6 hxg6 26. N5h4 $14 {>< g6}) (24... Rxd1
{Belov} 25. Rxd1 (25. Bxd1 Rd8 26. N3h4 Bc8 27. f4 Be6 $14) 25... Rd8 26. N3h4
Bc8 $14) 25. Rxd8 Nxd8 26. N3h4 Be6 27. Bg4 Bb3 (27... Nf7 28. Nh6+ $1 Nxh6 29.
Bxe6+ Kh8 30. Rd1 $16) 28. Nf3 $5 (28. f4 $5 {Belov} Nf7 (28... exf4 29. gxf4
Ne6 30. Rf1 Rd8 31. e5 $16) 29. Nf3 Rd8 30. Rf1 $16) 28... Nb7 (28... Ne6 $2
29. Nd2 $18) 29. Nd2 Bf7 30. Nf1 (30. f4 $5 {Belov}) 30... Nd8 31. Nh2 Ne6 32.
Be2 Rd8 33. Rf1 Rd7 34. f4 $5 {Endlich beginnen die taktischen Komplikationen.}
exf4 (34... g6 {Belov} 35. hxg6 hxg6 36. fxe5 gxf5 37. exf5 Ng5 38. e6 $18) 35.
gxf4 g6 36. hxg6 hxg6 37. Nh4 Bh6 38. Ng2 Qd8 39. Ng4 Bg7 40. f5 $1 Nd4 (40...
gxf5 {Belov} 41. exf5 Nd4 42. Bxd4 Rxd4 43. Nf4 $16) 41. Bxd4 Rxd4 42. Nh4 g5 (
42... gxf5 {Belov} 43. Nxf5 Rd7 44. Nxg7 Kxg7 45. Qh6+ Kg8 46. Rxf6 $18) 43.
Nf3 Rd7 {[#]} 44. e5 $1 Bd5 $2 (44... fxe5 45. Nfxe5 Rc7 $16 (45... Bxe5 {Belov
} 46. Nxe5 Qe7 47. f6 Nxf6 48. Rxf6 $18)) 45. e6 {Man darf einen solchen
Bauernzug nicht lassen.} Rb7 {Die schwarze Stellung ist praktisch hoffnungslos.
} 46. Bd3 Bf8 47. Be4 Rh7 48. Kg2 Be7 49. Rh1 Rxh1 50. Kxh1 Nc7 51. Kg2 Kg7 52.
Nd4 Qe8 53. Nf2 (53. Bxd5 {Belov} Nxd5 54. Qh3 $4 Nf4+) 53... Bxe4+ 54. Qxe4
Nd5 55. Kg1 Bd8 56. Qh1 Bc7 57. Ng4 Bf4 58. Qh6+ Kg8 59. Nxf6+ Nxf6 60. Qxf6
Qh5 61. Qg6+ $1 (61. Qg6+ $1 {Schoen !} Qxg6 62. fxg6 Be3+ 63. Kg2 Bxd4 64. e7
$18 {Ribli}) 1-0